书目信息 |
| 题名: |
中国传统运动养生学
|
|
| 作者: | 邬建卫 主编 | |
| 分册: | ||
| 出版信息: | 北京 北京体育大学出版社 2014 |
|
| 页数: | 395页 | |
| 开本: | 26cm | |
| 丛书名: | ||
| 单 册: | ||
| 中图分类: | R212 , G852 , R161.1 | |
| 科图分类: | ||
| 主题词: | 民族形式体育--健身运动--养生(中医)--基本知识 , 个人卫生 | |
| 电子资源: | ||
| ISBN: | 978-7-5644-0152-8 | |
| 000 | 01198nam0 2200313 450 | |
| 001 | 1555436929 | |
| 005 | 20160405095539.87 | |
| 010 | @a978-7-5644-0152-8@dCNY32.00 | |
| 090 | @aR21@bwjw | |
| 096 | @aR21@bwjw | |
| 100 | @a20141028d2014 em y0chiy50 ea | |
| 101 | 0 | @achi@aeng |
| 102 | @aCN@b110000 | |
| 105 | @aa z 000yy | |
| 106 | @ar | |
| 200 | 1 | @a中国传统运动养生学@b专著@e中英双语版@dTraditional Chinese sports for health preservation@f邬建卫主编@zeng@Azhong guo chuan tong yun dong yang sheng xue |
| 210 | @a北京@c北京体育大学出版社@d2014 | |
| 215 | @a395页@c图@d26cm | |
| 300 | @a国家体育总局普通高等教育“十二五”规划教材 | |
| 330 | @a本包括传统运动养生学的基础理论和基本套路、功法、理论与实践结合,较全面地阐述了中国传统运动养生学与相关学科的关系,图文并茂地展示了各种古今常用的养生方法。 | |
| 510 | 1 | @aTraditional Chinese sports for health preservation@zeng |
| 606 | 0 | @a民族形式体育@x健身运动@x养生(中医)@x基本知识 |
| 606 | 0 | @a个人卫生 |
| 690 | @aR212@v5 | |
| 690 | @aG852@v5 | |
| 690 | @aR161.1@v4 | |
| 701 | 0 | @a邬建卫@f(1962~)@4主编@Awu jian wei |
| 801 | 0 | @aCN@b大连网信软件有限公司图书馆·11@c20160405 |
| 905 | @aZUCC@dR161.1@et6 | |
| 中国传统运动养生学:中英双语版=Traditional Chinese sports for health preservation/邬建卫主编.-北京:北京体育大学出版社,2014 |
| 395页:图;26cm |
| 国家体育总局普通高等教育“十二五”规划教材 |
| ISBN 978-7-5644-0152-8:CNY32.00 |
| 本包括传统运动养生学的基础理论和基本套路、功法、理论与实践结合,较全面地阐述了中国传统运动养生学与相关学科的关系,图文并茂地展示了各种古今常用的养生方法。 |
| ● |
| 相关链接 |
|
|
|
|
正题名:中国传统运动养生学
索取号:R161.1/t6
 
预约/预借
| 序号 | 登录号 | 条形码 | 馆藏地/架位号 | 状态 | 备注 |
| 1 | 6940341 | 269403415 | 密集书库-体育系/ [索取号:R161.1/t6] | 在馆 | |
| 2 | 6940635 | 269406350 | 体育系资料室/ [索取号:R161.1/t6] | 在馆 |